El contrato administrativo /
Guardado en:
| Autor Principal: | |
|---|---|
| Formato: | Libro |
| Idioma: | Spanish |
| Publicado: |
Buenos Aires :
Abeledo Perrot,
2009.
|
| Edición: | 3a. ed. |
| Materias: | |
| Etiquetas: |
Agregar Etiqueta
Sin Etiquetas, Sea el primero en etiquetar este registro!
|
| LEADER | 00470nam a22001575a 4500 | ||
|---|---|---|---|
| 001 | DER.der009712 | ||
| 008 | 180615s2009####ag#||||||||||||||#||spa|| | ||
| 005 | 20241105123228.0 | ||
| 245 | 1 | 0 | |a El contrato administrativo / |c Juan Carlos Cassagne. |
| 250 | |a 3a. ed. | ||
| 260 | |a Buenos Aires : |b Abeledo Perrot, |c 2009. | ||
| 300 | |a 482 p. | ||
| 020 | |a 9789502019383 | ||
| 100 | 1 | |a Cassagne, Juan Carlos | |
| 650 | 7 | |a DERECHO ADMINISTRATIVO | |
| 859 | |a DERECHO |b BIB. DERECHO |h 342.06 |i CAS |p 006333 | ||
